<?xml version="1.0" encoding="UTF-8"?>
<record
    xmlns:xsi="http://www.w3.org/2001/XMLSchema-instance"
    xsi:schemaLocation="http://www.loc.gov/MARC21/slim http://www.loc.gov/standards/marcxml/schema/MARC21slim.xsd"
    xmlns="http://www.loc.gov/MARC21/slim">

  <leader>01419nam a22002057a 4500</leader>
  <controlfield tag="003">IT-MiCISF</controlfield>
  <controlfield tag="005">20240515141056.0</controlfield>
  <controlfield tag="008">220829b           ||||| |||| 00| 0 eng d</controlfield>
  <datafield tag="040" ind1=" " ind2=" ">
    <subfield code="c">IT-MiCISF</subfield>
  </datafield>
  <datafield tag="041" ind1=" " ind2=" ">
    <subfield code="a">IT</subfield>
  </datafield>
  <datafield tag="100" ind1=" " ind2=" ">
    <subfield code="a">Benanti Paolo</subfield>
    <subfield code="9">58630</subfield>
  </datafield>
  <datafield tag="245" ind1=" " ind2=" ">
    <subfield code="a">Tecnologia per l'uomo.</subfield>
    <subfield code="b">Cura e innovazione</subfield>
  </datafield>
  <datafield tag="260" ind1=" " ind2=" ">
    <subfield code="a">Cinisello B. (MI),</subfield>
    <subfield code="b">San Paolo,</subfield>
    <subfield code="c">2021</subfield>
  </datafield>
  <datafield tag="300" ind1=" " ind2=" ">
    <subfield code="a">pp. 143</subfield>
  </datafield>
  <datafield tag="500" ind1=" " ind2=" ">
    <subfield code="a">nuovi-media, societ&#xE0;, cambiamento, etica, chiesa, magistero</subfield>
  </datafield>
  <datafield tag="520" ind1=" " ind2=" ">
    <subfield code="a">Viviamo in una realt&#xE0; immersa nella tecnologia, ma una comprensione sistematica di cosa sia la tecnologia non &#xE8; semplice n&#xE9; banale. A ben guardare la nostra contemporaneit&#xE0;, si affacciano alla coscienza numerose e talvolta inquietanti domande. Che cosa significa essere umani in un'epoca di incomprensibile complessit&#xE0; tecnologica? Come gestire lo sviluppo? Quali sono i limiti da porre? E come far s&#xEC; che tali limiti siano davvero rispettati? Affrontare tali interrogativi significa analizzare il presente e indirizzare l'innovazione verso un autentico sviluppo umano. Paolo Benanti, che nei suoi studi cerca di mettere a fuoco il significato etico e antropologico della tecnologia, prova a fare il punto su cosa si debba intendere quando si parla di tecnica e tecnologia e a presentare al lettore le domande che questi concetti sollevano nella nostra epoca.</subfield>
  </datafield>
  <datafield tag="650" ind1=" " ind2=" ">
    <subfield code="a">mass-media</subfield>
    <subfield code="9">56139</subfield>
  </datafield>
  <datafield tag="654" ind1=" " ind2=" ">
    <subfield code="a">saggio</subfield>
  </datafield>
  <datafield tag="942" ind1=" " ind2=" ">
    <subfield code="2">ddc</subfield>
    <subfield code="c">BK</subfield>
  </datafield>
  <datafield tag="999" ind1=" " ind2=" ">
    <subfield code="c">359441</subfield>
    <subfield code="d">359441</subfield>
  </datafield>
  <datafield tag="952" ind1=" " ind2=" ">
    <subfield code="0">0</subfield>
    <subfield code="1">0</subfield>
    <subfield code="2">ddc</subfield>
    <subfield code="4">0</subfield>
    <subfield code="6">A_2361_000000000000000</subfield>
    <subfield code="7">1</subfield>
    <subfield code="a">CISF</subfield>
    <subfield code="b">CISF</subfield>
    <subfield code="d">2024-05-15</subfield>
    <subfield code="l">0</subfield>
    <subfield code="o">A2361</subfield>
    <subfield code="r">2024-05-15 14:19:18</subfield>
    <subfield code="w">2024-05-15</subfield>
    <subfield code="y">BK</subfield>
  </datafield>
</record>
